1986 1871 1350 1557 1510 1242 1919 1458 1243 1205 1857 1148 1294 1494 1107 1475 1439 1529 1063 1566 1865 1213 1733 1141 1736 1476 1479 1457 1033 1200 1724 1234 1020 1951 1849 1658 1326 1497 1542 1034 1986 1871 1134 1238 1278 1309 1113 1164 1305 1218 1632 1869 1746 1017 1004 1565 1562 1454 1763 1865 1131 1042 1716 1379 1321 1175 1472 1912 1410 1506 1981 1404 1507 1238 1551 1309 1276 1928 1557 1013 1903 1832 1233 1594 1673 1058 1170 1194 1321 1946 1536 1554 1607 1805 1788 1042 1007 1065 1619 BCNSPRNW ULIB Ver.6.0+V

เปลี่ยนเป็นภาษาไทย

Change to English
 แสดงรายละเอียดบรรณานุกรม
  กลับหน้าหลัก

Brief Record : Get Marc (ISO 2709) : E-mail record : QR code < ปิดหน้าต่าง
LEADER : 00000nam 2200000uu 4500
001    13399114994
003     ULIB
008    110627s2551||||th 000 0 tha d
020    9789741098170
090    นว.^bว354ร
100 0  วลีวิไล
245 00 รักฉันไหมหัวใจฝากถาม/^cวลีวิไล
250    พิมพ์ครั้งที่ 2
260    กรุงเทพฯ :^bแจ่มใส,^c2551
300    397 หน้า
710 1  แจ่มใส
945    ^p239^l0^i024481
995    ทศพร
999 ^a ใช้งานได้ทุกระบบ
รายการนี้ยังไม่มีแท็ก
คุณยังไม่ได้ล็อกอิน คุณสามารถมีกิจกรรมร่วมกับเว็บไซต์ได้ แต่ต้องล็อกอินก่อน ::
  ล็อกอิน

รายการสื่อสารสนเทศ

ลำดับที่ ประเภท เลขเรียก/บาร์โค้ด สถานที่ สถานะ
1. นวนิยาย
นวนิยาย
นว. ว354ร ฉ.1 
  Barcode: 024481
ห้องสมุดวิทยาเขตสวรรค์ประชารักษ์
►นวนิยาย
บนชั้น
  ขอยืม

BibComment


ยังไม่เคยถูกคอมเมนท์

คอมเมนท์ทรัพยากรรายการนี้
  คอมเมนท์: รักฉันไหมหัวใจฝาก..


 Copyright 2026. Bcnsprnw @Library